Развитие форм социалистической собственности в Сибирской деревне: исторический опыт и современность: сборник научных трудов

Podrobná bibliografie
Korporativní autor: Академия наук СССР Сибирское отделение Государственная публичная научно-техническая библиотека (ГПНТБ СО АН СССР)
Další autoři: Гущин Н. Я. (редактор)
Jazyk:ruština
Vydáno: Новосибирск, ГПНТБ СО АН СССР, 1991
Témata:
Médium: MixedMaterials Kniha
KOHA link:https://koha.lib.tpu.ru/cgi-bin/koha/opac-detail.pl?biblionumber=6238

MARC

LEADER 00000nam0a2200000 4500
001 6238
005 20231030180017.0
035 |a (RuTPU)RU\TPU\book\6269 
035 |a BOOK00006325 
090 |a 6238 
100 |a 20011209d1991 k y0rusy50 ca 
101 0 |a rus 
102 |a RU 
105 |a y z 000zy 
200 1 |a Развитие форм социалистической собственности в Сибирской деревне: исторический опыт и современность  |e сборник научных трудов  |f Сибирское отделение АН СССР; Государственная публичная научно-техническая библиотека; под ред. Н. Я. Гущина 
210 |a Новосибирск  |c ГПНТБ СО АН СССР  |d 1991 
215 |a 180 с. 
610 1 |a история 
610 1 |a Сибирь 
610 1 |a 20 век 
610 1 |a сибирская деревня 
610 1 |a социалистическая собственность 
686 |a Т3(2Р5)7-2  |v LBC/SL-A  |2 rubbk 
702 1 |a Гущин  |b Н. Я.  |4 340 
712 0 2 |a Академия наук СССР  |b Сибирское отделение  |b Государственная публичная научно-техническая библиотека (ГПНТБ СО АН СССР)  |2 stltpush  |3 (RuTPU)RU\TPU\col\7241 
801 0 |a RU  |b 63413507  |c 20011209  |g PSBO 
801 2 |a RU  |b 63413507  |c 20080808  |g PSBO 
942 |c BK